000 01400aam a2200277 4500
999 _c40144
_d40144
001 10668
003 CO-MdFUSB
005 20171013092729.0
008 170327t2000 xxu||||| |||| 00| 0 spa d
020 _a0-85151-799-4 : Donación
040 _aCO-MdFUSB
_bspa
_cCO-MdFUSB
_dCO-MdFUSBC
_erda
041 0 _aeng
082 0 4 _aG 225.1 J457p
100 1 _aJeffery, Peter,
_d1937-
_eautor
245 1 3 _aDe piedra en piedra
_b: iniciación al estudio del Nuevo Testamento
_c/ Peter Jeffery ; traducido por Salvador Gómez Dickson.
250 _aPrimera edición
264 1 _aGran Bretaña:
_bEl Estandarte de la Verdad,
_c[2000]
300 _a199 páginas
336 _2rdacontent
_atexto
_btxt
337 _2rdamedia
_asin mediación
_bn
338 _2rdacarrier
_avolumen
_bnc
505 0 0 _a\I. Los cuatro evangelios -- Mateo -- Marcos -- Lucas -- Juan -- El evangelio en los evangelios \ II. Mapas: Palestina en los tiempos del Nuevo Testamento -- Viajes Misioneros de Pablo -- Las siete iglesias de Roma III. Hechos -- Pablo, el hombre y sus cartas -- Romanos -- Las Epístolas a los Corintios -- Gálatas -- Efesios -- Filipenses -- Colosenses -- Las Epístolas a los Tesalonicenses -- Las Epístolas Pastorales -- Filemón -- Hebreos -- Santiago -- 1 y 2 de Pedro -- Las Epístolas de Juan -- Judas -- Apocalipsis.
563 _arústico
630 0 7 _aBiblia.
_pNuevo Testamento
942 _cBK